Sports Quiz

Random Sports or Basketball Quiz

NBA Best Overall Lineups Since 2000-01 Quiz Stats

 Plays Quiz Updated Feb 21, 2017

Challenge
Share
Tweet
Embed
Score 0/150 Timer 10:00
4 Plays Today
% Correct
Kevin Garnett
96.6%
Kevin Garnett
96.6%
Kevin Garnett
96.6%
Stephen Curry
96.5%
Stephen Curry
96.5%
Paul Pierce
96.4%
Paul Pierce
96.4%
Paul Pierce
96.4%
Steve Nash
96.2%
Steve Nash
96.2%
Kevin Durant
95.8%
Kevin Durant
95.8%
Tim Duncan
95.6%
Tim Duncan
95.6%
Kobe Bryant
95.5%
Rajon Rondo
94.9%
Rajon Rondo
94.9%
Rajon Rondo
94.9%
Klay Thompson
94.6%
Kevin Durant
94.6%
Klay Thompson
94.6%
Ray Allen
94.4%
Ray Allen
94.4%
Ray Allen
94.4%
Russell Westbrook
94.4%
Stephen Curry
94.3%
Tony Parker
94.2%
Tony Parker
94.2%
David West
94.1%
David West
94.1%
Chris Paul
93.9%
John Wall
93.3%
Draymond Green
93.2%
Draymond Green
93.2%
Russell Westbrook
93.1%
Ben Wallace
92.2%
Ben Wallace
92.2%
Rasheed Wallace
92.1%
Rasheed Wallace
92.1%
Rasheed Wallace
92.1%
Blake Griffin
92%
Pau Gasol
91.9%
Marc Gasol
91.7%
Klay Thompson
90.9%
Chauncey Billups
90.4%
Chauncey Billups
90.4%
Chauncey Billups
90.4%
DeAndre Jordan
90.4%
Paul George
89.8%
Paul George
88.9%
% Correct
Dwight Howard
88.2%
Jason Kidd
88%
Josh Howard
87.7%
Jermaine O'Neal
87.3%
Chris Paul
86.8%
David West
86.8%
Yao Ming
86.4%
Richard Hamilton
86.1%
Richard Hamilton
86.1%
Richard Hamilton
86.1%
Amar'e Stoudemire
85.6%
Dirk Nowitzki
84.5%
Kendrick Perkins
84.4%
Kendrick Perkins
83.7%
Kendrick Perkins
83.7%
Kendrick Perkins
83.7%
Tracy McGrady
83.3%
Manu Ginobili
83%
Bradley Beal
82.6%
Tayshaun Prince
82.5%
Tayshaun Prince
82.5%
Tayshaun Prince
82.5%
Damian Lillard
82.3%
David Robinson
79.6%
Andrew Bogut
78.7%
George Hill
78.3%
Serge Ibaka
78.1%
Andrew Bogut
78%
Roy Hibbert
77.3%
George Hill
76%
Derek Fisher
76%
Marcin Gortat
75%
Kevin Love
74.7%
LaMarcus Aldridge
74.5%
Vince Carter
73.4%
Vince Carter
73.4%
Shawn Marion
73.1%
Metta World Peace
73%
Zach Randolph
72.9%
Reggie Miller
72.8%
Metta World Peace
72.8%
Brad Miller
72.5%
Roy Hibbert
72.4%
Harrison Barnes
72%
Matt Barnes
71.8%
Grant Hill
71.8%
Mike Bibby
71.1%
Steven Adams
71%
Ricky Rubio
69.9%
Mike Conley
68.6%
% Correct
Jameer Nelson
68.5%
Otto Porter
65.9%
J.J. Redick
65%
Peja Stojakovic
63.3%
Peja Stojakovic
63.3%
Joe Johnson
62.8%
Rudy Gay
62.1%
Andre Iguodala
60.6%
Serge Ibaka
59.4%
David Lee
59.2%
Vlade Divac
59.1%
Richard Jefferson
58.7%
Lance Stephenson
58.2%
Kevin Martin
57.8%
Zaza Pachulia
55.7%
Lamar Odom
55%
Lance Stephenson
54.5%
Markieff Morris
54.4%
Andre Roberson
51%
Jason Terry
50.5%
Tyson Chandler
50.2%
Bruce Bowen
48.6%
Bruce Bowen
48.6%
Robin Lopez
48.5%
Thabo Sefolosha
48.1%
Nicolas Batum
46.8%
Rashard Lewis
46.6%
Marcin Gortat
44.8%
Wesley Matthews
43%
Doug Christie
40.9%
Quentin Richardson
39.5%
Nikola Pekovic
39%
OJ Mayo
38%
Steve Smith
36.1%
Devin Harris
31.6%
Jamaal Tinsley
31.6%
Matt Barnes
26.6%
Shane Battier
26.6%
Erick Dampier
25%
Corey Brewer
22.7%
Rafer Alston
22.4%
Jared Dudley
21.3%
Channing Frye
20.1%
Jason Collins
19.2%
Antonio McDyess
19.1%
Jeff Foster
16.1%
Rasho Nesterovic
11.8%
Mo Peterson
11.7%
Chuck Hayes
10.5%
Nenad Krstic
7.4%

You're not logged in!

Compare scores with friends on all Sporcle quizzes.
Join for Free
OR
Log In

You Might Also Like...

Show Comments

Extras

Top Quizzes Today


Score Distribution

Your Account Isn't Verified!

In order to create a playlist on Sporcle, you need to verify the email address you used during registration. Go to your Sporcle Settings to finish the process.

Report this User

Report this user for behavior that violates our Community Guidelines.

Details: